[Event "3rd Mayor's Cup"]
[Site "Mumbai IND"]
[Date "2010.06.04"]
[Round "4"]
[White "Shivananda,B"]
[Black "Vokarev,S"]
[Result "1/2-1/2"]
[WhiteElo "2387"]
[BlackElo "2501"]
[EventDate "2010.06.02"]

1. e4 e5 2. Nf3 Nc6 3. Bb5 a6 4. Ba4 Nf6 5. O-O Be7 6. Re1 b5 7. Bb3 d6 8.
c3 O-O 9. d4 Bg4 10. d5 Na5 11. Bc2 Qc8 12. h3 Bd7 13. Nbd2 c6 14. dxc6
Qxc6 15. Nf1 Rac8 16. Re2 Rfe8 17. Ng3 h6 18. a4 Nc4 19. Qd3 Be6 20. Nh4 d5
21. exd5 Qxd5 22. Nhf5 Bc5 23. Nh5 Qxd3 24. Nxf6+ gxf6 25. Nxh6+ Kg7 26.
Bxd3 Rcd8 27. Nf5+ Kg8 28. Nh6+ Kg7 29. Nf5+ Kg8 30. Nh6+ 1/2-1/2

[Event "3rd Mayor's Cup"]
[Site "Mumbai IND"]
[Date "2010.06.04"]
[Round "4"]
[White "Kulkarni,R"]
[Black "Roy Chowdhury,S"]
[Result "0-1"]
[WhiteElo "2149"]
[BlackElo "2473"]
[EventDate "2010.06.02"]

1. d4 e6 2. c4 b6 3. Nc3 Bb7 4. Nf3 f5 5. g3 Nf6 6. Bg2 g6 7. O-O Bg7 8. d5
O-O 9. dxe6 dxe6 10. Qxd8 Rxd8 11. Bf4 Na6 12. Rad1 Ne4 13. Nxe4 Bxe4 14.
b3 Re8 15. Ne1 Bxg2 16. Kxg2 e5 17. Bc1 Nb4 18. a3 Nc6 19. b4 a5 20. b5 Nd4
21. e3 Nb3 22. Bb2 a4 23. Nd3 e4 24. Bxg7 exd3 25. Bd4 d2 26. f3 Rad8 27.
Rf2 Re6 28. Rfxd2 Nxd2 29. Rxd2 c5 30. bxc6 Rxc6 31. Rb2 Rdc8 32. Rb4 Rxc4
33. Rxb6 Kf7 34. g4 R8c6 35. Rb7+ Rc7 36. Rb6 fxg4 37. fxg4 Rc2+ 38. Kg3
Ra2 39. h4 Rxa3 40. Ra6 Ra2 41. Kf4 Rb7 42. Kg5 Rh2 43. Rxa4 Rb5+ 44. Kf4
Rxh4 45. Ra7+ Ke6 46. Ra6+ Kd7 47. Ra7+ Kc6 48. Ra6+ Kb7 49. Ra7+ Kb8 50.
Rg7 Rh1 51. Ke4 Kc8 52. Kf3 Rb7 53. Rg8+ Kd7 54. Be5 Ke6 55. Bf4 Rf1+ 56.
Kg3 Rg1+ 57. Kf3 Rf1+ 58. Kg3 Rbb1 59. Re8+ Kf7 60. Rh8 Rg1+ 61. Kf3 Rbf1+
62. Ke2 Re1+ 63. Kf2 Rh1 64. Rxh7+ Rxh7 65. Kxe1 Rh4 66. g5 Ke6 67. Kf2 Kf5
68. Kg3 Rh8 69. Kf3 Rh3+ 70. Ke2 Ke4 71. Kf2 Rh7 72. Ke2 Rb7 73. Kf2 Rb2+
74. Kg3 Re2 75. Kg4 Rg2+ 76. Kh3 Kf3 77. Kh4 Ra2 78. Kh3 Rb2 79. Kh4 Rb7
0-1

[Event "3rd Mayor's Cup"]
[Site "Mumbai IND"]
[Date "2010.06.04"]
[Round "4"]
[White "Harutjunyan,G"]
[Black "Mehar,C"]
[Result "1-0"]
[WhiteElo "2460"]
[BlackElo "2295"]
[EventDate "2010.06.02"]

1. e4 c5 2. Nf3 d6 3. d4 cxd4 4. Nxd4 Nf6 5. Nc3 Nc6 6. Bg5 e6 7. Bb5 Qb6
8. Be3 Qc7 9. g4 a6 10. g5 Nd7 11. Bc4 Nde5 12. Bb3 b5 13. Qe2 Nxd4 14.
Bxd4 Bb7 15. f4 Nc4 16. O-O-O Rc8 17. Rd3 e5 18. Nd5 Bxd5 19. exd5 Be7 20.
Bc3 O-O 21. h4 a5 22. Rf1 b4 23. Be1 exf4 24. Rxf4 Ne5 25. Rg3 Qd7 26. c4
a4 27. Bc2 Rfe8 28. Bxb4 g6 29. Qf1 Bf8 30. Bc3 Bg7 31. h5 Rc5 32. Rh4 Rec8
33. b3 axb3 34. axb3 Qa7 35. hxg6 fxg6 36. Qh3 Re8 37. Rxh7 Qf7 38. Rf3 Qe7
39. Qh4 Rf8 40. Rf6 Rxf6 41. gxf6 Qxf6 42. Qxf6 Bxf6 43. Bxe5 Bxe5 44. Bxg6
Ra5 45. Rb7 Ra2 46. b4 Rg2 47. Bc2 Rg1+ 48. Bd1 Rg7 49. Rb8+ Kf7 50. Kc2
Ke7 51. Kb3 Kd7 52. Ka4 Kc7 53. Re8 Rg1 54. Be2 Re1 55. Bg4 Kb6 56. Rb8+
Ka7 57. Rc8 Rb1 58. Kb5 Bc3 59. Rc7+ Kb8 60. Kc6 Bxb4 61. Rb7+ Ka8 62. c5
dxc5 63. d6 Rf1 64. Be6 Rd1 65. d7 Ba5 66. Rb5 Bd8 67. Bd5 Ka7 68. Rb7+ Ka8
69. Rc7 c4 70. Rc8+ Ka7 71. Rxd8 c3 72. Ra8+ 1-0

[Event "3rd Mayor's Cup"]
[Site "Mumbai IND"]
[Date "2010.06.04"]
[Round "4"]
[White "Murali Krishnan,B"]
[Black "Turov,M"]
[Result "1-0"]
[WhiteElo "2412"]
[BlackElo "2624"]
[EventDate "2010.06.02"]

1. d4 Nf6 2. Nf3 g6 3. c4 Bg7 4. Nc3 O-O 5. e4 d6 6. h3 c5 7. d5 e6 8. Bd3
exd5 9. cxd5 b5 10. Nxb5 Nxe4 11. Bxe4 Re8 12. Ng5 Qa5+ 13. Nc3 Ba6 14. Bd2
Nd7 15. Qc2 Ne5 16. O-O-O f5 17. f4 Nc4 18. Bd3 Nxb2 19. Kxb2 Bxd3 20. Qxd3
c4 21. Qc2 Rab8+ 22. Ka1 Rb3 23. Rhe1 Reb8 24. Rb1 Bf6 25. Rxb3 Rxb3 26.
Rc1 Ra3 27. g4 h6 28. Ne6 Qxd5 29. Qb2 Qa5 30. Qb8+ Kf7 31. Qf8+ 1-0

[Event "3rd Mayor's Cup"]
[Site "Mumbai IND"]
[Date "2010.06.04"]
[Round "4"]
[White "Vorobiov,E"]
[Black "Rathnakaran,K"]
[Result "1/2-1/2"]
[WhiteElo "2612"]
[BlackElo "2397"]
[EventDate "2010.06.02"]

1. d4 Nf6 2. c4 c5 3. Nf3 cxd4 4. Nxd4 e5 5. Nb5 d5 6. cxd5 Bc5 7. N5c3 O-O
8. g3 Ng4 9. e3 f5 10. h3 Nxf2 11. Kxf2 f4 12. Ne4 fxe3+ 13. Kg2 Bd4 14.
Nbc3 Bf5 15. Be2 Na6 16. Bf3 Qb6 17. d6 Bxe4 18. Nxe4 Rxf3 19. Qxf3 Rf8 20.
Qg4 Qc6 21. Rf1 Rxf1 22. Kxf1 Nc5 23. Nxc5 Bxc5 24. Qe6+ Kh8 25. Ke2 Qb5+
26. Kf3 Qc6+ 27. Ke2 Qb5+ 28. Kf3 Qc6+ 29. Ke2 1/2-1/2

[Event "3rd Mayor's Cup"]
[Site "Mumbai IND"]
[Date "2010.06.04"]
[Round "4"]
[White "Debashis,D"]
[Black "Lafuente,P"]
[Result "0-1"]
[WhiteElo "2400"]
[BlackElo "2587"]
[EventDate "2010.06.02"]

1. e4 e6 2. d4 d5 3. Nd2 c5 4. exd5 Qxd5 5. Ngf3 cxd4 6. Bc4 Qd6 7. O-O Nc6
8. Nb3 a6 9. Nbxd4 Nxd4 10. Nxd4 Qc7 11. Qe2 Bd6 12. h3 Ne7 13. a4 O-O 14.
Re1 Ng6 15. Nf3 Bd7 16. Bd3 Bc6 17. Ng5 Rae8 18. Qg4 h6 19. Nf3 e5 20. Bxg6
fxg6 21. Nd2 Qb6 22. Rf1 Bc5 23. Qe2 Rxf2 24. Rxf2 Rf8 25. Nf3 e4 26. b4
Bxf2+ 27. Qxf2 Qc7 28. Be3 exf3 29. g3 Qd7 30. b5 axb5 31. axb5 Bxb5 32. h4
Qh3 33. c3 Re8 34. Re1 Re4 35. c4 Bxc4 36. Qxf3 Bd5 0-1

[Event "3rd Mayor's Cup"]
[Site "Mumbai IND"]
[Date "2010.06.04"]
[Round "4"]
[White "Greenfeld,A"]
[Black "Saptarshi,R"]
[Result "1/2-1/2"]
[WhiteElo "2561"]
[BlackElo "2391"]
[EventDate "2010.06.02"]

1. d4 d5 2. c4 e6 3. Nf3 c6 4. Nbd2 f5 5. g3 Nf6 6. Bg2 Bd6 7. O-O Nbd7 8.
Qc2 O-O 9. b3 Qe7 10. Bb2 b6 11. Rac1 Bb7 12. Ne5 Rac8 13. Nxd7 Qxd7 14. c5
bxc5 15. dxc5 Bb8 16. Nf3 Qe7 17. Ne5 Nd7 18. f4 Nxe5 19. Bxe5 1/2-1/2

[Event "3rd Mayor's Cup"]
[Site "Mumbai IND"]
[Date "2010.06.04"]
[Round "4"]
[White "Kravtsiv,M"]
[Black "Palit,S"]
[Result "1/2-1/2"]
[WhiteElo "2546"]
[BlackElo "2385"]
[EventDate "2010.06.02"]

1. e4 e5 2. Nf3 Nf6 3. Nxe5 d6 4. Nf3 Nxe4 5. d4 d5 6. Bd3 Be7 7. O-O Bf5
8. Re1 Nc6 9. Nc3 Nxc3 10. bxc3 Bxd3 11. cxd3 O-O 12. Rb1 b6 13. Qa4 Na5
14. Bd2 Bf6 15. c4 dxc4 16. Bb4 cxd3 17. Bxf8 Qxf8 18. Rbd1 g6 19. Rxd3 c5
20. dxc5 Qxc5 21. Re8+ Rxe8 22. Qxe8+ Kg7 23. Rd7 Qc4 24. g3 Qxa2 25. h4
Nc6 26. Kg2 a5 27. Rd6 Ne7 28. Rd8 Kh6 29. g4 Nf5 30. gxf5 Bxd8 31. Qf8+
Kh5 32. Qxd8 h6 33. fxg6 fxg6 34. Qxb6 Qd5 35. Qe3 Kg4 36. Qc3 Qe4 37. Qc8+
Kf4 38. Qc7+ Kg4 39. Qc8+ Kf4 40. Qh3 a4 41. Qg3+ 1/2-1/2

[Event "3rd Mayor's Cup"]
[Site "Mumbai IND"]
[Date "2010.06.04"]
[Round "4"]
[White "Khusnutdinov,R"]
[Black "Ankit,R"]
[Result "1/2-1/2"]
[WhiteElo "2525"]
[BlackElo "2350"]
[EventDate "2010.06.02"]

1. Nf3 Nf6 2. c4 c6 3. Nc3 d5 4. e3 Nbd7 5. Qc2 e6 6. b3 Bd6 7. Bb2 Qe7 8.
Be2 Ba3 9. O-O Bxb2 10. Qxb2 O-O 11. d4 b6 12. Qc2 Bb7 13. Ne5 Nxe5 14.
dxe5 Nd7 15. f4 f6 16. Bd3 g6 17. exf6 Nxf6 18. Rae1 e5 19. Qb2 Rae8 20.
cxd5 cxd5 21. fxe5 Qxe5 22. Nd1 Qxb2 23. Nxb2 Ng4 24. Rxf8+ Kxf8 25. Nd1
Kg7 26. Re2 Ne5 27. Rd2 Ng4 28. Re2 Ne5 29. Rd2 Ng4 30. Rc2 Re7 31. Re2 Ne5
32. Rd2 Ng4 33. Re2 1/2-1/2

[Event "3rd Mayor's Cup"]
[Site "Mumbai IND"]
[Date "2010.06.04"]
[Round "4"]
[White "Vishnu,P"]
[Black "Kunte,A"]
[Result "1/2-1/2"]
[WhiteElo "2345"]
[BlackElo "2523"]
[EventDate "2010.06.02"]

1. e4 c5 2. Nf3 e6 3. d4 cxd4 4. Nxd4 a6 5. Be2 Nf6 6. Nc3 d6 7. f4 Be7 8.
O-O Nc6 9. Be3 O-O 10. Kh1 Bd7 11. Qe1 b5 12. a3 Qb8 13. Rd1 b4 14. axb4
Qxb4 15. Bg1 Rfc8 16. Qg3 Qb8 1/2-1/2

[Event "3rd Mayor's Cup"]
[Site "Mumbai IND"]
[Date "2010.06.04"]
[Round "4"]
[White "Udeshi,A"]
[Black "Simonian,H"]
[Result "1-0"]
[WhiteElo "2316"]
[BlackElo "2521"]
[EventDate "2010.06.02"]

1. e4 c5 2. Nf3 e6 3. d4 cxd4 4. Nxd4 a6 5. Bd3 Bc5 6. Nb3 Be7 7. Be3 d6 8.
N1d2 Nc6 9. f4 Nf6 10. c3 e5 11. f5 d5 12. Qf3 d4 13. Bf2 h5 14. h3 h4 15.
O-O dxc3 16. bxc3 Bd7 17. Nc4 b5 18. Nb6 Rb8 19. Nd5 Nxd5 20. exd5 Na5 21.
Nc5 Nc4 22. Bxc4 bxc4 23. Ne6 Bxe6 24. fxe6 O-O 25. exf7+ Rxf7 26. Qxf7+
Kxf7 27. Bb6+ Kg6 28. Bxd8 Rxd8 29. Rfe1 Kf5 30. Rad1 Rd6 31. Rf1+ Kg6 32.
Kf2 Bg5 33. Kf3 Kf5 34. Rfe1 Rb6 35. d6 Rb2 36. Rd5 Bf6 37. d7 Rb8 38.
Rexe5+ Bxe5 39. d8=Q Rxd8 40. Rxd8 Bxc3 41. Rc8 a5 42. Rxc4 Be1 43. Ke2 1-0

[Event "3rd Mayor's Cup"]
[Site "Mumbai IND"]
[Date "2010.06.04"]
[Round "4"]
[White "Sundararajan,K"]
[Black "Situru,N"]
[Result "1-0"]
[WhiteElo "2520"]
[BlackElo "2348"]
[EventDate "2010.06.02"]

1. d4 Nf6 2. c4 c5 3. d5 b5 4. cxb5 a6 5. bxa6 Bxa6 6. Nc3 g6 7. g3 d6 8.
Bg2 Bg7 9. Nf3 Nfd7 10. Qc2 Nb6 11. h4 h5 12. Ng5 N8d7 13. Ne6 fxe6 14.
dxe6 Ne5 15. f4 Nd3+ 16. exd3 Qc8 17. O-O O-O 18. Be3 Bb7 19. Rfe1 Ra7 20.
a4 Qa8 21. Bxb7 Qxb7 22. Nb5 Raa8 23. d4 Rf5 24. dxc5 dxc5 25. Bf2 Nd5 26.
Qe4 Qc8 27. Rad1 Nf6 28. Qc2 Ng4 29. Rd7 Nxf2 30. Kxf2 Bf6 31. Kg2 Ra6 32.
Qe4 Kg7 33. Re2 Kh6 34. b3 Qb8 35. Qb7 Qxb7+ 36. Rxb7 c4 37. bxc4 Rxa4 38.
Nd6 Rfa5 39. Ne8 Bd4 40. Rxe7 Ra1 41. Rd7 Rg1+ 42. Kf3 Ra8 43. Rxd4 Rxe8
44. e7 Kg7 45. Rd8 Kf7 46. Rxe8 Kxe8 47. Re6 1-0

[Event "3rd Mayor's Cup"]
[Site "Mumbai IND"]
[Date "2010.06.05"]
[Round "5"]
[White "Kokarev,Dm"]
[Black "Harutjunyan,G"]
[Result "1-0"]
[WhiteElo "2612"]
[BlackElo "2460"]
[EventDate "2010.06.02"]

1. e4 c6 2. d4 d5 3. Nc3 dxe4 4. Nxe4 Bf5 5. Ng3 Bg6 6. h4 h6 7. Nf3 Nd7 8.
h5 Bh7 9. Bd3 Bxd3 10. Qxd3 Ngf6 11. Bd2 e6 12. O-O-O Qc7 13. Ne4 Be7 14.
Nxf6+ Nxf6 15. Ne5 O-O 16. g4 Nh7 17. f4 f6 18. Ng6 Rfe8 19. Rhe1 Bd6 20.
Re2 Qf7 21. Rde1 f5 22. g5 hxg5 23. fxg5 f4 24. Ne5 Qxh5 25. Bxf4 Qh4 26.
Bd2 Bxe5 27. Rxe5 Nf8 28. g6 c5 29. Rxc5 Rad8 30. c3 Nd7 31. Rc7 Qg4 32.
Qe4 Qxe4 33. Rxe4 Nf6 34. Re5 Rd7 35. Rec5 Rf8 36. Rxd7 Nxd7 37. Rc7 Rf1+
38. Kc2 Nf8 39. Rxb7 Nxg6 40. Rxa7 Nh4 41. b4 Nf3 42. b5 Rf2 43. b6 Nxd2
44. b7 Nc4+ 45. Kd3 Nb2+ 46. Ke4 1-0

[Event "3rd Mayor's Cup"]
[Site "Mumbai IND"]
[Date "2010.06.05"]
[Round "5"]
[White "Aleksandrov,A"]
[Black "Swayams,M"]
[Result "1-0"]
[WhiteElo "2604"]
[BlackElo "2397"]
[EventDate "2010.06.02"]

1. d4 Nf6 2. c4 e6 3. Nc3 Bb4 4. e3 b6 5. Nge2 Ba6 6. Qa4 c5 7. a3 Bxc3+ 8.
Nxc3 O-O 9. dxc5 bxc5 10. Be2 d5 11. O-O Qb6 12. cxd5 Bxe2 13. Nxe2 exd5
14. b4 Nbd7 15. Bb2 Rfc8 16. Bc3 Qc6 17. Qxc6 Rxc6 18. Rfd1 Rac8 19. Be1
Nb6 20. b5 Rd6 21. a4 Nc4 22. a5 Rb8 23. Rdb1 Rd7 24. Rb3 Rdb7 25. Nc3 d4
26. exd4 cxd4 27. Ne2 d3 28. Rxd3 Rxb5 29. Nd4 Rb1 30. Rd1 Rxd1 31. Rxd1
Rd8 32. Rb1 h6 33. Nc6 Rd7 34. Rc1 Nb2 35. Kf1 Nd3 36. Rd1 Rc7 37. Rxd3
Rxc6 38. Ke2 Re6+ 39. Re3 Nd5 40. Rxe6 fxe6 41. Kd3 Kf7 42. Kc4 a6 43. Kc5
Ke7 44. Kc6 g5 45. Bd2 Nf4 46. Bxf4 gxf4 47. Kb6 1-0

[Event "3rd Mayor's Cup"]
[Site "Mumbai IND"]
[Date "2010.06.05"]
[Round "5"]
[White "Lafuente,P"]
[Black "Murali Krishnan,B"]
[Result "1/2-1/2"]
[WhiteElo "2587"]
[BlackElo "2412"]
[EventDate "2010.06.02"]

1. d4 d5 2. c4 dxc4 3. Nf3 Nf6 4. e3 e6 5. Bxc4 c5 6. O-O a6 7. dxc5 Qxd1
8. Rxd1 Bxc5 9. Nbd2 O-O 10. Be2 b6 11. Ne5 Bb7 12. Nb3 Be7 13. f3 Rd8 14.
Rxd8+ Bxd8 15. e4 Nbd7 16. Nc4 Bc7 17. Be3 Kf8 18. Rd1 Ke7 19. Bd2 Ne8 20.
Bb4+ Kd8 21. Nd4 Kc8 22. Kf2 Ne5 23. Nxe5 Bxe5 24. g3 Kc7 25. f4 Bd6 26.
Bxd6+ Nxd6 27. e5 Ne8 28. Bh5 g6 29. Bf3 Bxf3 30. Nxf3 h6 31. Nd2 Rd8 32.
Rc1+ Kd7 33. Nc4 Ke7 34. Ke3 Rc8 35. Rc3 Rc6 36. Kd3 Kd7 37. a4 h5 38. Rb3
Kc7 39. Nd2 Ng7 40. Ne4 Nf5 41. Ng5 Nh6 42. Rc3 Kd7 43. Rxc6 Kxc6 44. Kc4
Kc7 45. Kb4 Kc6 46. Kc4 Kd7 47. Kb4 1/2-1/2

[Event "3rd Mayor's Cup"]
[Site "Mumbai IND"]
[Date "2010.06.05"]
[Round "5"]
[White "Hera,I"]
[Black "Ibrayev,N"]
[Result "1-0"]
[WhiteElo "2558"]
[BlackElo "2390"]
[EventDate "2010.06.02"]

1. d4 e6 2. c4 c5 3. d5 exd5 4. cxd5 d6 5. Nc3 g6 6. e4 Bg7 7. Bd3 a6 8. a4
Ne7 9. h4 h5 10. Bf4 Qb6 11. Qd2 Nd7 12. Nf3 Ng8 13. O-O Nh6 14. a5 Qc7 15.
Rac1 b6 16. axb6 Qxb6 17. Na4 Qb3 18. Bc2 Qb8 19. Bd1 Ng4 20. Nxc5 Nxc5 21.
Rxc5 Bd7 22. Rc2 Qb6 23. Rc4 Bb5 24. Ba4 Bxa4 25. Rxa4 O-O 26. Rb4 Qd8 27.
Rb7 Rc8 28. g3 Rc4 29. Qd3 Qc8 30. Bxd6 1-0

[Event "3rd Mayor's Cup"]
[Site "Mumbai IND"]
[Date "2010.06.05"]
[Round "5"]
[White "Praveen Kumar,C1"]
[Black "Sundararajan,K"]
[Result "1/2-1/2"]
[WhiteElo "2391"]
[BlackElo "2520"]
[EventDate "2010.06.02"]

1. d4 Nf6 2. c4 e6 3. Nc3 Bb4 4. e3 d5 5. Nge2 dxc4 6. a3 Ba5 7. Ng3 b5 8.
Bd2 a6 9. Be2 Bb7 10. O-O O-O 11. a4 c6 12. Bf3 Nbd7 13. axb5 axb5 14. Nxb5
Bxd2 15. Qxd2 Ne5 16. Rxa8 Nxf3+ 17. gxf3 Bxa8 18. Na3 c5 19. e4 Qxd4 20.
Qxd4 cxd4 21. Nxc4 Nd7 22. Rd1 e5 23. Nf5 g6 24. Nfd6 Rb8 25. Ra1 f6 26.
Ra7 Bc6 27. Rc7 Ba4 1/2-1/2

[Event "3rd Mayor's Cup"]
[Site "Mumbai IND"]
[Date "2010.06.05"]
[Round "5"]
[White "Ovetchkin,R"]
[Black "Shivananda,B"]
[Result "1-0"]
[WhiteElo "2519"]
[BlackElo "2387"]
[EventDate "2010.06.02"]

1. Nf3 Nf6 2. c4 g6 3. Nc3 d5 4. Qa4+ Bd7 5. Qb3 dxc4 6. Qxc4 a6 7. e4 b5
8. Qe2 c5 9. e5 Nh5 10. d4 cxd4 11. Nxd4 Nc6 12. Nb3 b4 13. Nd5 Bg7 14. Be3
Bxe5 15. Nb6 Rb8 16. Nxd7 Qxd7 17. Rd1 Bd6 18. Qxa6 Qb7 19. Qxb7 Rxb7 20.
Rc1 Nd8 21. g3 O-O 22. Bg2 Rb5 23. O-O Ne6 24. Rfd1 Nf6 25. h3 h5 26. Nd4
Nxd4 27. Bxd4 Be5 28. Bxe5 Rxe5 29. a4 bxa3 30. bxa3 Ra5 31. Rd3 Rb8 32.
Bc6 Rb2 33. a4 Rf5 34. Rf3 Rxf3 35. Bxf3 Ra2 36. Bc6 e6 37. Rc5 Kf8 38. a5
Ke7 39. Bb7 Nd7 40. Rb5 Kd6 41. a6 Nb8 42. Rb3 Kc7 43. Rf3 f5 44. Rc3+ Kd7
45. Bc8+ Kd6 46. Rd3+ Kc7 47. Bxe6 Rxa6 48. Bc4 Rc6 49. Bb5 Rc1+ 50. Kg2
Nc6 51. Ra3 Rc5 52. Bxc6 Rxc6 53. Kf3 g5 54. Ra5 Rf6 55. h4 gxh4 56. gxh4
Kd7 57. Kf4 Rg6 58. f3 Rg1 59. Kxf5 Rh1 60. Kg5 Rg1+ 61. Kxh5 Ke6 62. Rg5
Rf1 63. Kg4 Kf6 64. Ra5 Kg6 65. Ra6+ Kg7 66. h5 Rb1 67. f4 Rb2 68. Kg5 Rg2+
69. Kf5 Rb2 70. Rd6 Rb1 71. Rd5 Rf1 72. Rd6 Rf2 73. Rg6+ Kf7 74. Rg1 Rh2
75. Kg5 Kg7 76. Rg4 Rh1 77. f5 Rf1 78. h6+ Kh7 79. f6 Ra1 80. Rf4 Rg1+ 81.
Kf5 1-0

[Event "3rd Mayor's Cup"]
[Site "Mumbai IND"]
[Date "2010.06.05"]
[Round "5"]
[White "Vokarev,S"]
[Black "Udeshi,A"]
[Result "0-1"]
[WhiteElo "2501"]
[BlackElo "2316"]
[EventDate "2010.06.02"]

1. e4 c5 2. Nf3 d6 3. d4 cxd4 4. Nxd4 Nf6 5. Nc3 a6 6. Be3 e5 7. Nb3 Be7 8.
Qd2 O-O 9. O-O-O Be6 10. f4 b5 11. fxe5 dxe5 12. Qxd8 Rxd8 13. Rxd8+ Bxd8
14. Nc5 Bb6 15. Bg1 Nbd7 16. Nxe6 fxe6 17. Bxb6 Nxb6 18. a3 Kf7 19. Bd3 Ke7
20. Kd2 Ng4 21. Ke2 Rf8 22. h3 Nf6 23. Ke3 Nh5 24. Rf1 Nf4 25. Rf2 Rf6 26.
Bf1 Rg6 27. Kf3 Rf6 28. Ke3 Rg6 29. b3 Nh5 30. Na2 Ng3 31. Bd3 Nd7 32. Nb4
Nh1 33. Rf1 Rg3+ 34. Rf3 Rxg2 35. Nxa6 g5 36. a4 bxa4 37. bxa4 g4 38. hxg4
Nf6 39. Rxf6 Kxf6 40. a5 Rxg4 41. Nc7 Rg1 42. a6 Ra1 43. Kf3 h5 44. Bc4
Ra3+ 45. Kg2 Ng3 46. Nb5 Ra4 47. Bb3 Ra5 48. Kxg3 Rxb5 49. Kh4 Rc5 50. Kxh5
Rc6 51. Kg4 Rxa6 52. Bc4 Rc6 53. Bd3 Ke7 54. Kf3 Kd6 55. Ke3 Kc5 56. Kf3
Kd4 57. Kg4 Rc8 58. Kg5 Rf8 59. Kg6 Rf3 0-1

[Event "3rd Mayor's Cup"]
[Site "Mumbai IND"]
[Date "2010.06.05"]
[Round "5"]
[White "Abhishek,D"]
[Black "Deepan,C"]
[Result "0-1"]
[WhiteElo "2331"]
[BlackElo "2488"]
[EventDate "2010.06.02"]

1. e4 c5 2. Nf3 d6 3. d4 cxd4 4. Nxd4 Nf6 5. Nc3 a6 6. a4 e5 7. Nf3 Qc7 8.
Bg5 Nbd7 9. Nd2 h6 10. Bxf6 Nxf6 11. Bc4 Be6 12. Qe2 Be7 13. O-O O-O 14.
Rfd1 Rac8 15. Bb3 Rfd8 16. Nf1 Bxb3 17. cxb3 Qb6 18. Qc2 d5 19. exd5 Bc5
20. a5 Qa7 21. Ra4 Bd4 22. Rc4 Rxc4 23. bxc4 Qc5 24. b3 Nxd5 25. Nxd5 Rxd5
26. Ne3 Rd6 27. Nf5 Bxf2+ 28. Kf1 Rxd1+ 29. Qxd1 Bg1 30. Qd8+ Kh7 31. Qh4
e4 32. g4 e3 33. Qd8 Qe5 34. Qd3 g6 0-1

[Event "3rd Mayor's Cup"]
[Site "Mumbai IND"]
[Date "2010.06.05"]
[Round "5"]
[White "Prasanna,Ra"]
[Black "Vorobiov,E"]
[Result "0-1"]
[WhiteElo "2309"]
[BlackElo "2612"]
[EventDate "2010.06.02"]

1. e4 c5 2. Nf3 d6 3. d4 cxd4 4. Nxd4 Nf6 5. Nc3 a6 6. Be2 Nbd7 7. f4 g6 8.
g4 h6 9. Bf3 e5 10. Nb3 exf4 11. Bxf4 Qc7 12. Qe2 Ne5 13. g5 hxg5 14. Bxg5
Be7 15. O-O-O Be6 16. Nd4 Bc4 17. Qg2 Rc8 18. Be2 Qa5 19. Rhf1 Bxe2 20.
Qxe2 Rxc3 21. bxc3 Qxa2 22. Bxf6 Rxh2 23. Kd2 Rxe2+ 24. Kxe2 Qc4+ 25. Kd2
b5 26. Bxe7 Kxe7 27. Rb1 b4 0-1

[Event "3rd Mayor's Cup"]
[Site "Mumbai IND"]
[Date "2010.06.05"]
[Round "5"]
[White "Mehar,C"]
[Black "Greenfeld,A"]
[Result "0-1"]
[WhiteElo "2295"]
[BlackElo "2561"]
[EventDate "2010.06.02"]

1. e4 e5 2. Nf3 Nc6 3. Bb5 a6 4. Ba4 Nf6 5. O-O Be7 6. Re1 b5 7. Bb3 O-O 8.
h3 Bb7 9. d3 d5 10. exd5 Nxd5 11. Nxe5 Nd4 12. Nc3 Nb4 13. a3 Nxb3 14. cxb3
f6 15. axb4 fxe5 16. Qg4 Rf6 17. Ne4 Rg6 18. Qe2 Bxb4 19. Bd2 Bxe4 20. Bxb4
Bxg2 21. Qxe5 Bf3+ 0-1

[Event "3rd Mayor's Cup"]
[Site "Mumbai IND"]
[Date "2010.06.05"]
[Round "5"]
[White "Joshi,P"]
[Black "Kravtsiv,M"]
[Result "1/2-1/2"]
[WhiteElo "2291"]
[BlackElo "2546"]
[EventDate "2010.06.02"]

1. d4 Nf6 2. Nf3 e6 3. e3 c5 4. Bd3 Nc6 5. O-O d5 6. b3 Bd6 7. Bb2 O-O 8.
Nbd2 cxd4 9. exd4 b6 10. a3 Bb7 11. Ne5 Rc8 12. Qe2 Qc7 13. f4 Ne7 14. Rac1
Rfd8 15. g4 Ng6 16. g5 Ne4 17. Nxe4 dxe4 18. Bxe4 Bxe4 19. Qxe4 1/2-1/2

[Event "3rd Mayor's Cup"]
[Site "Mumbai IND"]
[Date "2010.06.05"]
[Round "5"]
[White "Luther,T"]
[Black "Deshmukh,A"]
[Result "1-0"]
[WhiteElo "2541"]
[BlackElo "2301"]
[EventDate "2010.06.02"]

1. e4 e5 2. Nf3 Nc6 3. Bc4 Nf6 4. Ng5 d5 5. exd5 Na5 6. Bb5+ c6 7. dxc6
bxc6 8. Be2 h6 9. Nh3 Bd6 10. Nc3 O-O 11. d3 Qc7 12. O-O Rb8 13. Kh1 Rd8
14. Ng1 c5 15. Ne4 Be7 16. Nxf6+ Bxf6 17. Bf3 Nc4 18. Be4 Nd6 19. Qf3 Nxe4
20. dxe4 Qc6 21. Ne2 Bg5 22. Bxg5 hxg5 23. b3 f5 24. Rfd1 Bb7 25. Qxf5 Rf8
26. Qxg5 Rxf2 27. Nc3 Rbf8 28. Rd8 Qd6 29. Rxf8+ Rxf8 30. h3 Qd4 31. Qg3 c4
32. Rd1 Qc5 33. Kh2 Bc6 34. Nd5 cxb3 35. cxb3 Re8 36. Nf6+ 1-0

[Event "3rd Mayor's Cup"]
[Site "Mumbai IND"]
[Date "2010.06.05"]
[Round "5"]
[White "Kunte,A"]
[Black "Akshat,Kh"]
[Result "1-0"]
[WhiteElo "2523"]
[BlackElo "2292"]
[EventDate "2010.06.02"]

1. d4 Nf6 2. c4 c5 3. d5 b5 4. cxb5 a6 5. bxa6 g6 6. Nc3 Bxa6 7. Nf3 d6 8.
g3 Bg7 9. Bg2 Nbd7 10. Rb1 Nb6 11. b3 Bc8 12. Nh4 h6 13. Qc2 Qd7 14. Bb2 g5
15. Nf3 Qf5 16. e4 Qg6 17. O-O O-O 18. Rbc1 Ng4 19. Qd2 f5 20. exf5 Rxf5
21. h3 Nf6 22. Nh2 Qf7 23. Rfe1 Bb7 24. Nf1 Nfd7 25. Ne3 Rf3 26. Ng4 Rf5
27. Re6 Qf8 28. Rce1 h5 29. Ne3 Re5 30. Ne4 Rxa2 31. Bxe5 Rxd2 32. Bxg7
Kxg7 33. Nxd2 Nc8 34. Nf3 g4 35. hxg4 hxg4 36. Nh4 Ne5 37. Nef5+ Kf7 38.
R1xe5 dxe5 39. Ng6 Qh8 40. Nxh8+ 1-0

[Event "3rd Mayor's Cup"]
[Site "Mumbai IND"]
[Date "2010.06.05"]
[Round "5"]
[White "Kasparov,S"]
[Black "Singh,DP"]
[Result "1-0"]
[WhiteElo "2504"]
[BlackElo "2286"]
[EventDate "2010.06.02"]

1. e4 b6 2. d4 Bb7 3. Bd3 e6 4. Nf3 d6 5. c4 Nd7 6. Nc3 g6 7. O-O Bg7 8.
Be3 Ne7 9. Qd2 h6 10. b4 c6 11. Rac1 g5 12. d5 e5 13. dxc6 Bxc6 14. Rfd1
Ng6 15. h3 Bf6 16. c5 dxc5 17. Bb5 Rc8 18. bxc5 Nxc5 19. Qc2 Qe7 20. Nd5
Qe6 21. Bxc5 Bxb5 22. Qb2 bxc5 23. Qxb5+ Kf8 24. Rxc5 Kg7 25. Rdc1 Rxc5 26.
Rxc5 Rc8 27. Nh2 h5 28. Nf1 Rxc5 29. Qxc5 Qd7 30. Ng3 Nf4 31. Nf5+ 1-0

[Event "3rd Mayor's Cup"]
[Site "Mumbai IND"]
[Date "2010.06.05"]
[Round "5"]
[White "Shreyansh,D"]
[Black "Vidit,S"]
[Result "0-1"]
[WhiteElo "2287"]
[BlackElo "2504"]
[EventDate "2010.06.02"]

1. d4 Nf6 2. Nf3 d5 3. c4 c6 4. cxd5 cxd5 5. Nc3 Nc6 6. Bf4 a6 7. e3 Bg4 8.
h3 Bxf3 9. Qxf3 e6 10. Bd3 Be7 11. O-O O-O 12. Rac1 Rc8 13. Qe2 Nd7 14. Bb1
Nb6 15. g4 Nc4 16. Bg3 b5 17. f4 g6 18. Kh2 Re8 19. Nd1 Bb4 20. Rc2 Qa5 21.
Be1 Rc7 22. Nf2 Qb6 23. Nd3 Bd6 24. Bg3 Nb4 25. Rcc1 Nxd3 26. Bxd3 Rec8 27.
Rcd1 Qa5 28. Bb1 Rc6 29. h4 Qd8 30. h5 Be7 31. hxg6 hxg6 32. f5 exf5 33.
gxf5 Bd6 34. Rf3 g5 35. f6 Bxg3+ 36. Rxg3 Qxf6 37. Rdg1 Kf8 38. Rxg5 Ke7
39. R1g3 Rh8+ 40. Rh5 Rxh5+ 41. Qxh5 Qh6 42. Qxh6 Rxh6+ 43. Kg2 Nxb2 44.
Rg5 Nc4 45. e4 Nd2 46. Bc2 dxe4 0-1

[Event "3rd Mayor's Cup"]
[Site "Mumbai IND"]
[Date "2010.06.05"]
[Round "5"]
[White "Varga,Zo"]
[Black "Tiwari,Ar"]
[Result "1-0"]
[WhiteElo "2479"]
[BlackElo "2274"]
[EventDate "2010.06.02"]

1. d4 Nf6 2. c4 g6 3. Nc3 Bg7 4. e4 d6 5. Bg5 O-O 6. Qd2 a6 7. O-O-O Nc6 8.
d5 Ne5 9. f4 Ned7 10. h3 b5 11. Qe3 b4 12. Na4 h6 13. Bh4 Qe8 14. Nf3 e6
15. dxe6 Qxe6 16. Bd3 Bb7 17. Rhe1 Rae8 18. Qa7 Rb8 19. e5 dxe5 20. fxe5
Nh5 21. Nd4 Qe8 22. e6 fxe6 23. Nxe6 Ne5 24. Nac5 Nc6 25. Nxf8 Qxf8 26. Ne6
Nxa7 27. Nxf8 Bxf8 28. Bxg6 Nf4 29. Be4 Nc6 30. Bg3 Nh5 31. Bxc7 Rc8 32.
Bb6 Nf6 33. Bf5 Rb8 34. g4 Kh8 35. Bf2 Bc8 36. Bg3 Ra8 37. Bh4 Kg7 38.
Bxf6+ Kxf6 39. Be4 Bb7 40. Rd7 Rb8 41. Rf1+ Ke5 42. Bd5 Bc8 43. Rc7 Bd7 1-0

[Event "3rd Mayor's Cup"]
[Site "Mumbai IND"]
[Date "2010.06.06"]
[Round "6"]
[White "Maletin,P"]
[Black "Aleksandrov,A"]
[Result "1/2-1/2"]
[WhiteElo "2584"]
[BlackElo "2604"]
[EventDate "2010.06.02"]

1. d4 Nf6 2. c4 e6 3. g3 d5 4. Nf3 dxc4 5. Bg2 Bb4+ 6. Bd2 a5 7. O-O Nc6 8.
e3 Nd5 9. Qc1 Nb6 10. Bxb4 axb4 11. Nbd2 Na5 12. Ne5 Bd7 13. a3 c3 14. bxc3
bxc3 15. Qxc3 O-O 16. Rfc1 c6 17. Nd3 Qc7 18. Rab1 Rfb8 19. e4 Qd8 20. Nc5
Be8 21. Rb4 Nc8 22. Rcb1 Ra7 23. Bf1 b6 24. Nd3 Rba8 25. Nc4 Nb7 26. a4
1/2-1/2